000 00542nam a2200181 i 4500
001 157014
003 ES-MaACL
005 20230906210546.0
008 950206s1860 fr |||| | fre d
040 _aAS
100 1 _aLanfrey, Pierre.
_969996
245 1 0 _aHistoire politique des papes /
_cpar P. Lanfrey.
260 _aParis :
_bCharles Hingray,
_c1860 (
_fTyp. Cosson et Cie.)
300 _a432 p. ;
_c19 cm.
650 0 4 _aPapas-
_xHistoria.
_915819
852 _aES-MaACL
_jF-9279
_z- Enc. hol.
852 _aES-MaACL
_jD-1520
_z- Rust.
999 _c157014
_d157014